| 000 | 00643cam a2200241 4500500 | ||
|---|---|---|---|
| 005 | 20260405003444.0 | ||
| 041 | _afre | ||
| 042 | _adc | ||
| 100 | 1 | 0 |
_aChanthanakone, Antony _eauthor |
| 245 | 0 | 0 | _aLuxe |
| 260 | _c2022. | ||
| 500 | _a48 | ||
| 690 | _aBourdieu | ||
| 690 | _aÉgalité | ||
| 690 | _aGoût | ||
| 690 | _aJean-Jacques Rousseau | ||
| 690 | _aLuxe | ||
| 690 | _aPlaton | ||
| 690 | _aThoreau | ||
| 690 | _aVoltaire | ||
| 786 | 0 | _nPhilosophie magazine | 156 | 2 | 2022-02-01 | p. 54-54 | 1951-1787 | |
| 856 | 4 | 1 | _uhttps://shs.cairn.info/magazine-philosophie-magazine-2022-2-page-54?lang=fr&redirect-ssocas=7080 |
| 999 |
_c2067685 _d2067685 |
||